Las Nuevas relaciones con el FMI: imponiendo pobreza
Na minha lista:
| Formato: | Texto |
|---|---|
| Tags: |
Adicionar Tag
Sem tags, seja o primeiro a adicionar uma tag!
|
MARC
| LEADER | 00000 a a2200000 04500 | ||
|---|---|---|---|
| 001 | 1753 | ||
| 003 | |||
| 040 | |||
| 245 | |a Las Nuevas relaciones con el FMI: |b imponiendo pobreza | ||
| 773 | |g volumen 5, número 26 -27; páginas 4-6 | ||
| 999 | |c 24833 |d 24833 | ||
